000 00615nam a22001937a 4500
003 DO-SdBNP
005 20171129103951.0
008 171129b 1995 sp 00| 0 spa d
020 _a 8479710748
040 _aDO-SdBNP
_bspa
_cDO-SdBNP
082 _ass
_bss
245 _aBritannia :
_bdiccionario castellano - Inglés = Britannia english - espanish /
246 _aBritannia english - espanish
260 _aMadrid :
_bServilibro Ediciones,
_c1995
300 _a1v. con varias paginaciones
_c21 cm.
942 _2ddc
_cBK
945 _aInventariado extranjero / 2017 VM
956 _aVMATEO
_b10
_c20171129
_dBPSMU
_f0069
999 _c13203
_d13203